Words Containing CAN Quiz Stats

 Plays Quiz Updated Dec 30, 2014

Challenge
Share
Tweet
Embed
Score 0/25 Timer 05:00
5 Plays Today
% Correct
Hurricane
94.6%
Cantaloupe
93.8%
Cannelloni
92%
Canister
91.1%
Lubricant
90.9%
Canoodling
89.5%
Scandalous
89.4%
Applicant
89.4%
Mercantile
88.8%
Buccaneer
88.3%
Incandesce
86%
Cankerworm
83.8%
Candelabra
83%
% Correct
Cannonade
78.6%
Vulcanized
78.4%
Republican
72.8%
Cantilever
70.3%
Canvasser
67.7%
Canaliculi
67.4%
Coelacanth
64.3%
Desiccant
63.6%
Candlewick
62.1%
Canonicity
62.1%
Mendicant
52.2%
Colcannon
44.7%

You're not logged in!

Compare scores with friends on all Sporcle quizzes.
OR
Log In

You Might Also Like...

Show Comments

Extras

Top Quizzes Today


Score Distribution

Your Account Isn't Verified!

In order to create a playlist on Sporcle, you need to verify the email address you used during registration. Go to your Sporcle Settings to finish the process.

Report this User

Report this user for behavior that violates our Community Guidelines.

Details: